000 00991nam a22003137a 4500
003 CHAP
005 20220817041337.0
008 971013s1968 r 00010 d
010 _a11758
011 _a12730
035 _a16250
040 _cCHAP
090 _aTesis
100 0 0 _aPalacios Alvarez, Alejo.
_984801
245 _apotencialidad del cultivo del manzano en Canatlán, Durango
260 _aChapingo, Méx. :
_bEl autor,
_c1968
300 _a106 h.
_b: ilus.
502 _aTesis (Ing. Agr. Esp. en Fitotecnia) -- ENA. Departamento de Fitotecnia
590 _aALEPH
_b10
_c20130110
_lUCH01
_h1229
590 _aBATCH-UPD
_b10
_c20130110
_lUCH01
_h2136
590 _aCONVERSION
_b10
_c20130109
_lUCH01
_h1308
650 1 4 _aManzana
_xDurango.
_970756
710 _aUACH. Departamento de Fitotecnia
901 _aBK
942 _cFOLL
949 _bBC
_cTES
_d-95257
_eTS1
_i16250
_si
949 _bBC
_cTES
_d-95258
_eTS2
_fc.2
_i16250
_si
949 _bS
_cTESBD
_d-28472
_eTS1
_i16250
_si
999 _c11758
_d11758